000 00647nam a22002177a 4500
005 20200303100020.0
008 200303b xxu||||| |||| 00| 0 eng d
020 _a9789386797568
_cRs 499
040 _beng
041 _aEnglish
082 _aF
_bALH
100 _aAlharthi, Jokha
245 _aCelestial bodies
_bSayyidat al-qamar
_cJokha Alharthi. Translated by Marilyn Booth
260 _aNew Delhi
_bSimon and Schuster India
_c2018
300 _axi,243p
_b23 cm
500 _aWinner The Man Booker International Prize 2019
650 _aFiction in Omani (Translated)
700 _4tr.
_aBooth, Marilyn
850 _aLCLIB
942 _cBK
999 _c42600
_d93079